000 00220 a2200097 4500
001 12252
100 _aShuja, Ahmad Pasha
245 _aMas'ala-e-Kashmir
260 _a
_bSang-e-Meel Publications
_c
090 _c9486
_d9486
942 _aNUST-CAE
_cM
_c36362
999 _c247325
_d247325